[Event "Panamericano de Ajedrez Sub 20"]
[Site "Cali"]
[Date "2010.05.20"]
[Round "1"]
[Board "1"]
[White "Salazar Loor, Sara"]
[Black "Chirivi C, Jenny Astrid"]
[Result "0-1"]
[WhiteElo "1979"]
[BlackElo "2169"]
[PlyCount "80"]
[EventDate "2010.05.20"]
[EventRounds "9"]
[EventCountry "COL"]

1.e4 c5 2.Nf3 e6 3.d4 cxd4 4.Nxd4 a6 5.Nc3 Qc7 6.Bd3 Nf6 7.O-O b5 8.a3 Bb7 9.Qe2
Nc6 10.Nb3 Be7 11.Bd2 O-O 12.Kh1 d5 13.exd5 exd5 14.Bg5 Rae8 15.Bxf6 Bxf6
16.Nxd5 Qd6 17.Nxf6+ Qxf6 18.Qh5 g6 19.Qh3 Ne5 20.Nc5 Nxd3 21.Nxd3 Re2 22.c3
Rfe8 23.Qg3 Be4 24.Nc5 Rxb2 25.Rae1 Qc6 26.Nxe4 Rxe4 27.Rxe4 Qxe4 28.Qb8+ Kg7
29.h3 Rxf2 30.Rxf2 Qe1+ 31.Kh2 Qxf2 32.Qe5+ Qf6 33.Qc5 h5 34.g3 h4 35.Kg2 hxg3
36.Kxg3 g5 37.Qb4 Qe5+ 38.Kf3 Kg6 39.c4 Qf4+ 40.Kg2 Qxc4  0-1

[Event "Panamericano de Ajedrez Sub 20"]
[Site "Cali"]
[Date "2010.05.20"]
[Round "1"]
[Board "2"]
[White "Salazar, Aura Cristina"]
[Black "Pachon, Adriana"]
[Result "1-0"]
[WhiteElo "2135"]
[BlackElo "1940"]
[PlyCount "51"]
[EventDate "2010.05.20"]
[EventRounds "9"]
[EventCountry "COL"]

1.e4 e5 2.Nf3 Nc6 3.Bb5 Nge7 4.d4 exd4 5.Nxd4 Nxd4 6.Qxd4 c6 7.Ba4 Ng6 8.Nc3 Be7
9.Be3 Bf6 10.Qd2 Qe7 11.O-O O-O 12.f3 a5 13.a3 b5 14.Bb3 a4 15.Ba2 b4 16.axb4
Qxb4 17.Rab1 Kh8 18.f4 Bxc3 19.bxc3 Qxe4 20.Bc5 Rd8 21.f5 Ne5 22.Rb4 Nc4 23.Rxc4
Qe5 24.Bd4 Qe7 25.Bxg7+ Kg8 26.Rg4  1-0

[Event "Panamericano de Ajedrez Sub 20"]
[Site "Cali"]
[Date "2010.05.20"]
[Round "1"]
[Board "3"]
[White "Rodriguez, Sofia"]
[Black "Heredia Serrano, Carla"]
[Result "0-1"]
[WhiteElo "1929"]
[BlackElo "2095"]
[PlyCount "92"]
[EventDate "2010.05.20"]
[EventRounds "9"]
[EventCountry "COL"]

1.e4 c6 2.d4 d5 3.Nd2 dxe4 4.Nxe4 Nf6 5.Nxf6+ gxf6 6.Nf3 Bg4 7.Be2 Qc7 8.Be3 Nd7
9.Qd2 e6 10.O-O-O O-O-O 11.Qe1 Bd6 12.Kb1 Kb8 13.h3 Bh5 14.Nh4 Bg6 15.Nxg6 hxg6
16.Bf3 f5 17.Qe2 Bf4 18.Rhe1 Nf6 19.Bxf4 Qxf4 20.Qe5+ Qxe5 21.dxe5 Nd7 22.a3 Kc7
23.Ka2 Nb6 24.Kb3 a5 25.c3 a4+ 26.Kc2 Nc4 27.Rd4 b5 28.Be2 Nxe5 29.Bxb5 Nf3
30.gxf3 Rxd4 31.cxd4 cxb5 32.Rh1 Rh4 33.Kc3 Rf4 34.Rh2 Rxf3+ 35.Kc2 Kd6 36.Kd2
Kd5 37.Kc2 Kxd4 38.Kd2 f4 39.Kc2 e5 40.Kd2 e4 41.Kc2 e3 42.fxe3+ fxe3 43.Kd1 Kd3
44.Re2 Rf1+ 45.Re1 e2+ 46.Kc1 Rxe1#  0-1

[Event "Panamericano de Ajedrez Sub 20"]
[Site "Cali"]
[Date "2010.05.20"]
[Round "1"]
[Board "4"]
[White "Orozco, Lina Yomayra"]
[Black "Mencos, Claudia"]
[Result "1-0"]
[WhiteElo "2081"]
[BlackElo "1925"]
[PlyCount "68"]
[EventDate "2010.05.20"]
[EventRounds "9"]
[EventCountry "COL"]

1.e4 c5 2.Nf3 e6 3.d4 cxd4 4.Nxd4 a6 5.Bd3 Nc6 6.Nxc6 dxc6 7.Qe2 e5 8.O-O Nf6
9.Nd2 Qc7 10.b3 b5 11.Bb2 Bd6 12.a4 Bb7 13.Kh1 O-O 14.f4 Nd7 15.Qh5 f6 16.f5 Nc5
17.Rf3 Nxd3 18.Rxd3 Rad8 19.Rh3 h6 20.Qg4 Kh7 21.Nf3 Qf7 22.Bc1 Rfe8 23.Qh4 Bf8
24.Bd2 Rd7 25.g4 Kg8 26.g5 fxg5 27.Bxg5 Be7 28.Rg1 Kf8 29.Bxe7+ Qxe7 30.Qg3 Rd6
31.Nh4 Qg5 32.Ng6+ Rxg6 33.fxg6 Qf4 34.Qxf4+ exf4  1-0

[Event "Panamericano de Ajedrez Sub 20"]
[Site "Cali"]
[Date "2010.05.20"]
[Round "1"]
[Board "5"]
[White "Chavez, Diana Maria"]
[Black "Rodriguez Rueda, Paula Andrea"]
[Result "1-0"]
[WhiteElo "1834"]
[BlackElo "2076"]
[PlyCount "111"]
[EventDate "2010.05.20"]
[EventRounds "9"]
[EventCountry "COL"]

1.d4 d5 2.Nf3 Nf6 3.c4 c6 4.Nc3 e6 5.Bf4 Be7 6.h3 O-O 7.e3 Nbd7 8.Be2 dxc4
9.Bxc4 b5 10.Bd3 Bb7 11.O-O a6 12.Rc1 c5 13.dxc5 Nxc5 14.Be2 Qb6 15.b4 Nce4
16.Nxe4 Bxe4 17.a3 Rac8 18.Qd4 Qb7 19.Be5 Rfd8 20.Qb2 Ne8 21.Rxc8 Rxc8 22.Rc1 f6
23.Rxc8 Qxc8 24.Qc3 Qb7 25.Bd4 Nc7 26.Bc5 Kf7 27.Ne1 Qc6 28.Bf3 Bxf3 29.Nxf3
Bxc5 30.bxc5 e5 31.Nd2 Ne6 32.Nb3 Qd5 33.c6 Qc4 34.Qxc4 bxc4 35.Na5 c3 36.Nb3
Ke7 37.Kf1 Kd6 38.Ke2 e4 39.Kd1 Kxc6 40.Kc2 Nc7 41.Kxc3 Nb5+ 42.Kb4 Kd5 43.a4
Nc7 44.Nd4 g6 45.g4 h5 46.gxh5 gxh5 47.h4 Ke5 48.Ka5 Kd5 49.Kb6 Ne8 50.Kxa6 Nd6
51.a5 Kc5 52.Ne6+ Kc6 53.Nf4 Nf5 54.Nxh5 Nxh4 55.Nxf6 Nf5 56.Nxe4  1-0

[Event "Panamericano de Ajedrez Sub 20"]
[Site "Cali"]
[Date "2010.05.20"]
[Round "1"]
[Board "6"]
[White "Mendoza Velazquez, Lorena Aleja"]
[Black "Mesa, Brenda Sofia"]
[Result "1-0"]
[WhiteElo "2063"]
[BlackElo "1829"]
[PlyCount "78"]
[EventDate "2010.05.20"]
[EventRounds "9"]
[EventCountry "COL"]

1.c4 Nf6 2.g3 g6 3.Bg2 Bg7 4.Nf3 d6 5.O-O O-O 6.Nc3 c5 7.d4 Nbd7 8.e4 Qc7 9.b3
a6 10.Bb2 Nb6 11.h3 Nbd7 12.Re1 e5 13.dxe5 dxe5 14.Qc2 Nb8 15.Nd5 Nxd5 16.exd5
Nd7 17.Rad1 Re8 18.Bc3 b5 19.d6 Qb8 20.Ng5 Bb7 21.Bxb7 Qxb7 22.Rd5 Rad8 23.Ne4
b4 24.Bb2 Qc8 25.Qd2 Qc6 26.Qe3 Rc8 27.Nxc5 Nxc5 28.Rxc5 Qxd6 29.Rxc8 Rxc8
30.Bxe5 Bxe5 31.Qxe5 Qxe5 32.Rxe5 Rd8 33.Ra5 Ra8 34.Kf1 Kf8 35.Ke2 Ke7 36.Kd3
Kd6 37.Kd4 Ra7 38.c5+ Kc6 39.Kc4 Ra8  1-0

[Event "Panamericano de Ajedrez Sub 20"]
[Site "Cali"]
[Date "2010.05.20"]
[Round "1"]
[Board "7"]
[White "Barba, Deina Alexandra"]
[Black "Romero Echeverria, Abigail"]
[Result "0-1"]
[WhiteElo "1701"]
[BlackElo "2054"]
[PlyCount "119"]
[EventDate "2010.05.20"]
[EventRounds "9"]
[EventCountry "COL"]

1.e4 c5 2.Nf3 e6 3.d4 cxd4 4.Nxd4 a6 5.Nc3 b5 6.a3 Bb7 7.f3 Qc7 8.Be3 Nf6 9.Qd2
Be7 10.Be2 O-O 11.g4 d5 12.exd5 Nxd5 13.Nxd5 Bxd5 14.Bf4 Bh4+ 15.Kf1 Qb6 16.Be3
Qb7 17.Bf2 Be7 18.Bg3 Nd7 19.b4 Nb6 20.Kf2 Rfd8 21.Qe3 Bc4 22.Bd3 Bxd3 23.cxd3
Bf6 24.Be5 Bxe5 25.Qxe5 Rd5 26.Qe4 Qd7 27.Nb3 Rxd3 28.Nc5 Qd4+ 29.Qxd4 Rxd4
30.Rhd1 Rd5 31.Rxd5 Nxd5 32.Rd1 h6 33.h4 a5 34.bxa5 Rxa5 35.Rd3 b4 36.axb4 Nxb4
37.Rd8+ Kh7 38.Nd7 Ra2+ 39.Kg3 g5 40.hxg5 hxg5 41.Nf6+ Kg6 42.Nh5 f6 43.Rg8+ Kf7
44.Rg7+ Kf8 45.Rg6 Nd5 46.Rh6 Ke7 47.Rg6 e5 48.Rg7+ Ke6 49.Rh7 Nf4 50.Ng7+ Kd5
51.Rh2 Ne2+ 52.Kf2 Nd4+ 53.Kg3 Rxh2 54.Kxh2 Nxf3+ 55.Kg3 Nd4 56.Ne8 Ke6 57.Nc7+
Kf7 58.Nd5 f5 59.gxf5 Nxf5+ 60.Kg4  0-1

[Event "Panamericano de Ajedrez Sub 20"]
[Site "Cali"]
[Date "2010.05.20"]
[Round "1"]
[Board "8"]
[White "Castrillon Gomez, Melissa"]
[Black "Garcia, Linda Alexandra"]
[Result "1-0"]
[WhiteElo "2051"]
[BlackElo "1612"]
[PlyCount "46"]
[EventDate "2010.05.20"]
[EventRounds "9"]
[EventCountry "COL"]

1.e4 e6 2.d4 d5 3.Nc3 Nf6 4.Bg5 Bb4 5.e5 h6 6.Bd2 Bxc3 7.bxc3 Ne4 8.Bd3 c5
9.Bxe4 dxe4 10.Qg4 g5 11.Qxe4 Nc6 12.Nf3 Qc7 13.h4 Bd7 14.hxg5 O-O-O 15.gxh6
cxd4 16.Bg5 Qa5 17.Bxd8 Qxc3+ 18.Ke2 Nxd8 19.Qxd4 Bb5+ 20.Kd1 Qa5 21.Qd2 Qa6
22.h7 Nc6 23.Ng5 Rxh7  1-0

[Event "Panamericano de Ajedrez Sub 20"]
[Site "Cali"]
[Date "2010.05.21"]
[Round "2"]
[Board "2"]
[White "Ramirez, Heimy Polgar"]
[Black "Salazar, Aura Cristina"]
[Result "0-1"]
[WhiteElo "2027"]
[BlackElo "2135"]
[PlyCount "82"]
[EventDate "2010.05.20"]
[EventRounds "9"]
[EventCountry "COL"]

1.d4 Nf6 2.c4 g6 3.Nc3 Bg7 4.e4 d6 5.Nf3 O-O 6.Be2 e5 7.dxe5 dxe5 8.Qxd8 Rxd8
9.Bg5 Re8 10.Nd5 Nxd5 11.cxd5 c6 12.Bc4 b5 13.Bb3 a5 14.dxc6 Nxc6 15.Bd5 Ra6
16.a3 Bg4 17.Rc1 Bxf3 18.Bxc6 Rxc6 19.Rxc6 Bxg2 20.Rg1 Bxe4 21.Rc5 Bd3 22.Bd2 e4
23.Bc3 Bh6 24.Bxa5 e3 25.f3 Bf8 26.Rd5 Bc4 27.Rd8 Rxd8 28.Bxd8 Bg7 29.Bb6 e2
30.Kd2 Bxb2 31.Bc5 Be5 32.h4 Bh2 33.Rg4 f5 34.Rxc4 bxc4 35.Kxe2 Kf7 36.Kd2 Ke6
37.Kc3 Kd5 38.Bb6 Bg3 39.a4 Bxh4 40.a5 Be1+ 41.Kc2 Kc6  0-1

[Event "Panamericano de Ajedrez Sub 20"]
[Site "Cali"]
[Date "2010.05.21"]
[Round "2"]
[Board "3"]
[White "Heredia Serrano, Carla"]
[Black "Orejuela Chango, Paulina"]
[Result "0-1"]
[WhiteElo "2095"]
[BlackElo "1982"]
[PlyCount "136"]
[EventDate "2010.05.20"]
[EventRounds "9"]
[EventCountry "COL"]

1.e4 e5 2.Nf3 Nc6 3.Bc4 Bc5 4.b4 Bxb4 5.c3 Be7 6.d4 Na5 7.Be2 d6 8.Qa4+ c6
9.dxe5 dxe5 10.Nxe5 Nf6 11.O-O O-O 12.Rd1 Qc7 13.Bf4 b5 14.Qc2 Qb6 15.Nd2 Be6
16.Ndf3 Rad8 17.Nd4 a6 18.Nxe6 fxe6 19.Bg3 Nb7 20.a4 Nc5 21.a5 Qb7 22.Bf3 Rxd1+
23.Rxd1 Rd8 24.Rd4 Qc8 25.Bh4 Qc7 26.Nxc6 Qxc6 27.e5 Qe8 28.exf6 Bxf6 29.Bxf6
gxf6 30.Qd1 Rxd4 31.cxd4 Nd7 32.g3 Qe7 33.Qb3 Qd6 34.Bg4 Kf7 35.Qd3 Nf8 36.h4
Qb4 37.Bh5+ Ke7 38.d5 Qxa5 39.dxe6 Qe1+ 40.Kg2 Qxe6 41.Qa3+ Qd6 42.Qe3+ Qe6
43.Qa3+ Qd6 44.Qe3+ Qe6 45.Qa7+ Nd7 46.Qa8 b4 47.Qe8+ Kd6 48.Qa8 Qd5+ 49.Qxd5+
Kxd5 50.Bf7+ Kd4 51.Bg8 h6 52.f4 Nc5 53.g4 b3 54.Kf3 b2 55.Ba2 Ne4 56.g5 fxg5
57.fxg5 hxg5 58.h5 Ke5 59.h6 Nf6 60.Bb1 a5 61.h7 Nxh7 62.Bxh7 Kd4 63.Kg4 a4
64.Kxg5 a3 65.Bb1 Kc3 66.Kf4 Kb3 67.Bf5 a2 68.Be6+ Ka3  0-1

[Event "Panamericano de Ajedrez Sub 20"]
[Site "Cali"]
[Date "2010.05.21"]
[Round "2"]
[Board "4"]
[White "Cordero, Daniela"]
[Black "Orozco, Lina Yomayra"]
[Result "1-0"]
[WhiteElo "1996"]
[BlackElo "2081"]
[PlyCount "111"]
[EventDate "2010.05.20"]
[EventRounds "9"]
[EventCountry "COL"]

1.d4 Nf6 2.Nf3 c5 3.e3 e6 4.Bd3 b6 5.O-O Bb7 6.c4 Be7 7.Nc3 O-O 8.d5 exd5 9.cxd5
d6 10.e4 Nbd7 11.h3 a6 12.a4 Re8 13.Bf4 Bf8 14.Nd2 Ne5 15.Bc2 Ng6 16.Bh2 Qd7
17.Nc4 Qd8 18.Re1 Ne5 19.Nd2 g5 20.f4 gxf4 21.Bxf4 Ng6 22.Bg5 h6 23.Be3 Rb8
24.Qf3 Bg7 25.Nf1 Bc8 26.Ng3 b5 27.axb5 axb5 28.Rf1 Kh7 29.Nh5 Nxh5 30.Qxh5 Re5
31.Qf3 Re7 32.Bf2 b4 33.Nd1 Rbb7 34.Bg3 Ra7 35.Rxa7 Rxa7 36.Qh5 c4 37.Ne3 b3
38.Bb1 Bd4 39.Bf2 Qg5 40.Qxg5 hxg5 41.Nxc4 Bxf2+ 42.Rxf2 Ra1 43.Rxf7+ Kg8 44.Rf1
Ba6 45.Bd3 Ra4 46.Rc1 Nf4 47.Bf1 Kg7 48.Nxd6 Bxf1 49.Kxf1 Ra2 50.Rc7+ Kf6 51.Nc4
Nd3 52.d6 Nxb2 53.e5+ Ke6 54.Re7+ Kd5 55.Nxb2 Kc6 56.Rc7+  1-0

[Event "Panamericano de Ajedrez Sub 20"]
[Site "Cali"]
[Date "2010.05.21"]
[Round "2"]
[Board "6"]
[White "Romero Echeverria, Abigail"]
[Black "Chavez, Diana Maria"]
[Result "1-0"]
[WhiteElo "2054"]
[BlackElo "1834"]
[PlyCount "67"]
[EventDate "2010.05.20"]
[EventRounds "9"]
[EventCountry "COL"]

1.e4 c5 2.c3 d5 3.exd5 Qxd5 4.d4 e6 5.Nf3 Nc6 6.Na3 cxd4 7.Nb5 Bd6 8.Nxd6+ Qxd6
9.Be3 Nf6 10.Nxd4 O-O 11.Be2 Rd8 12.Nxc6 bxc6 13.Qxd6 Rxd6 14.O-O Bb7 15.Rfd1
Rxd1+ 16.Rxd1 Nd5 17.Bc5 h6 18.Bf3 a5 19.c4 Nf6 20.b3 a4 21.b4 Rc8 22.h3 Ba6
23.Rc1 Nd7 24.Be3 Ne5 25.Be2 Rd8 26.b5 cxb5 27.cxb5 Bb7 28.a3 Bd5 29.Rc7 Rb8
30.b6 Rb7 31.Ba6 Rb8 32.b7 Kh7 33.Ba7 Nc6 34.Rxc6  1-0

[Event "Panamericano de Ajedrez Sub 20"]
[Site "Cali"]
[Date "2010.05.21"]
[Round "2"]
[Board "7"]
[White "Chumpitaz, Ann"]
[Black "Rodriguez Rueda, Paula Andrea"]
[Result "1-0"]
[WhiteElo "2047"]
[BlackElo "2076"]
[PlyCount "81"]
[EventDate "2010.05.20"]
[EventRounds "9"]
[EventCountry "COL"]

1.e4 c5 2.Nf3 d6 3.d4 cxd4 4.Nxd4 Nf6 5.Nc3 a6 6.h3 e6 7.g4 h6 8.Bg2 Qc7 9.O-O
Nc6 10.Kh1 Bd7 11.a4 Rc8 12.f4 Nxd4 13.Qxd4 e5 14.Qf2 Bc6 15.a5 Qe7 16.Nd5 Bxd5
17.exd5 Qc7 18.c3 Nd7 19.fxe5 Nxe5 20.Be3 Be7 21.Bb6 Qc4 22.Rad1 O-O 23.Rd4 Qb5
24.Rb4 Nd3 25.Rxb5 Nxf2+ 26.Rxf2 axb5 27.Bf1 b4 28.cxb4 Bh4 29.Rf3 Rfe8 30.Bd4
Rc1 31.b5 Rd1 32.Bb6 Rxd5 33.a6 bxa6 34.bxa6 Rd1 35.a7 Rc8 36.Kg1 Ra1 37.Ra3
Rxa3 38.bxa3 Bd8 39.Bxd8 Rxd8 40.Bg2 d5 41.Bxd5  1-0

[Event "Panamericano de Ajedrez Sub 20"]
[Site "Cali"]
[Date "2010.05.21"]
[Round "2"]
[Board "9"]
[White "Garcia, Linda Alexandra"]
[Black "Salazar Loor, Sara"]
[Result "0-1"]
[WhiteElo "1612"]
[BlackElo "1979"]
[PlyCount "60"]
[EventDate "2010.05.20"]
[EventRounds "9"]
[EventCountry "COL"]

1.e4 c5 2.Nc3 Nc6 3.f4 g6 4.Bc4 Bg7 5.Nf3 e6 6.d3 a6 7.a4 Nge7 8.e5 d5 9.exd6
Qxd6 10.Ne4 Qc7 11.O-O O-O 12.Qe1 Nd5 13.Qh4 f5 14.Neg5 h6 15.Nh3 Bd7 16.Ne5
Nxe5 17.fxe5 Qxe5 18.Bxh6 Bxh6 19.Qxh6 Qe3+ 20.Qxe3 Nxe3 21.Rf3 Nxc2 22.Raf1 Nd4
23.Re3 b5 24.Ba2 bxa4 25.Nf4 Kf7 26.g4 Rab8 27.Rh3 Rh8 28.Rxh8 Rxh8 29.gxf5 gxf5
30.Ng2 Rb8  0-1

[Event "Panamericano de Ajedrez Sub 20"]
[Site "Cali"]
[Date "2010.05.21"]
[Round "2"]
[Board "11"]
[White "Mencos, Claudia"]
[Black "Barba, Deina Alexandra"]
[Result "1-0"]
[WhiteElo "1925"]
[BlackElo "1701"]
[PlyCount "117"]
[EventDate "2010.05.20"]
[EventRounds "9"]
[EventCountry "COL"]

1.e4 c5 2.Nf3 Nc6 3.d4 cxd4 4.Nxd4 g6 5.Be2 Bg7 6.Nb3 Nf6 7.Nc3 O-O 8.O-O d6
9.Bg5 Be6 10.Kh1 Nd7 11.f4 Bxb3 12.axb3 Nc5 13.f5 h6 14.Be3 Kh7 15.Bf3 Ne5
16.Bd4 Nxf3 17.Bxg7 Kxg7 18.Qxf3 Nd7 19.Nd5 e6 20.f6+ Kh7 21.Ne7 Ne5 22.Qh3 Nc6
23.Nxc6 bxc6 24.Rad1 Qc7 25.Qh4 d5 26.Rd3 Qe5 27.exd5 cxd5 28.Rh3 h5 29.Re1 Qf5
30.c3 Rh8 31.Qd4 Kg8 32.c4 Qg4 33.Qc5 dxc4 34.bxc4 Qf5 35.Qc6 Rb8 36.Rf3 Qa5
37.Rd1 Qb6 38.Qxb6 axb6 39.Kg1 Rb7 40.Rfd3 Kh7 41.Rd7 Rxd7 42.Rxd7 g5 43.Rxf7+
Kg6 44.Rb7 Kxf6 45.Rxb6 Rd8 46.c5 Rd1+ 47.Kf2 Rd2+ 48.Kf3 g4+ 49.Kg3 Kg5 50.h4+
Kf5 51.c6 Rd6 52.c7 Rxb6 53.c8=Q Rb3+ 54.Kh2 Rxb2 55.Qh8 Re2 56.Qxh5+ Kf4
57.Qg5+ Ke4 58.Qxg4+ Kd3 59.h5  1-0

[Event "Panamericano de Ajedrez Sub 20"]
[Site "Cali"]
[Date "2010.05.21"]
[Round "3"]
[Board "1"]
[White "Orejuela Chango, Paulina"]
[Black "Chirivi C, Jenny Astrid"]
[Result "0-1"]
[WhiteElo "1982"]
[BlackElo "2169"]
[PlyCount "96"]
[EventDate "2010.05.20"]
[EventRounds "9"]
[EventCountry "COL"]

1.e4 c5 2.c3 Nf6 3.e5 Nd5 4.d4 cxd4 5.cxd4 d6 6.Bc4 e6 7.Nf3 Bd7 8.O-O Nb6 9.Bd3
Bc6 10.Nc3 Be7 11.Re1 N8d7 12.Bc2 dxe5 13.dxe5 Qc7 14.Nd4 Nd5 15.Nxd5 Bxd5
16.Bf4 g5 17.Bg3 h5 18.h3 Kf8 19.Rc1 Qb6 20.Nb3 Rd8 21.Qe2 Kg7 22.Red1 Nf8
23.Bh2 Ng6 24.Bxg6 fxg6 25.Nd4 Bxa2 26.Nb5 Bb3 27.Rxd8 Rxd8 28.Nd6 Ba4 29.Qc4
Qxb2 30.Re1 Bd7 31.Ne4 Qb4 32.Qe2 Bb5 33.Qe3 Rd3 34.Qc1 Ba4 35.Nd6 b6 36.Rf1 Qc3
37.Qb1 Qd4 38.Qa2 Rd1 39.Qe2 Rxf1+ 40.Qxf1 Bc6 41.Qc1 Qd5 42.f3 b5 43.Bg3 b4
44.Ne4 b3 45.Qb2 a5 46.Nc3 Qc4 47.Kh2 a4 48.Nb1 Qc2  0-1

[Event "Panamericano de Ajedrez Sub 20"]
[Site "Cali"]
[Date "2010.05.21"]
[Round "3"]
[Board "2"]
[White "Salazar, Aura Cristina"]
[Black "Romero Echeverria, Abigail"]
[Result "1-0"]
[WhiteElo "2135"]
[BlackElo "2054"]
[PlyCount "123"]
[EventDate "2010.05.20"]
[EventRounds "9"]
[EventCountry "COL"]

1.e4 c5 2.Nf3 e6 3.d4 cxd4 4.Nxd4 a6 5.Bd3 g6 6.Qe2 Bg7 7.Nb3 Nc6 8.O-O Nge7
9.f4 d5 10.f5 exf5 11.exf5 Nd4 12.Nxd4 Bxd4+ 13.Kh1 O-O 14.c3 Bh8 15.Bh6 Re8
16.fxg6 hxg6 17.Bg5 Bf5 18.Qf3 Qd7 19.Nd2 Be6 20.Bf6 Nf5 21.Bxh8 Kxh8 22.g4 Ng7
23.h3 Rac8 24.Rae1 Rf8 25.Qf4 Kg8 26.Nf3 d4 27.cxd4 Bxa2 28.Qh6 Bd5 29.Be4 Ne6
30.Bxd5 Qxd5 31.Re5 Qc4 32.Rfe1 Qb3 33.Nd2 Qg3 34.Rxe6 fxe6 35.Qxg6+ Kh8 36.Qh6+
Kg8 37.Qxe6+ Kh8 38.Qe5+ Qxe5 39.dxe5 Rc2 40.Ne4 Rf3 41.e6 Rxh3+ 42.Kg1 Rh4
43.Nf6 Rh3 44.Nh5 Rch2 45.Re5 Rh1+ 46.Kf2 R1h2+ 47.Kf1 Rxb2 48.Ng3 Kg7 49.e7 Rh8
50.e8=Q Rxe8 51.Rxe8 a5 52.Ra8 b6 53.Nf5+ Kf6 54.Ne3 Kf7 55.Ke1 Rb4 56.Kd2 a4
57.Kc3 Rb3+ 58.Kd4 b5 59.g5 a3 60.Ra6 b4 61.g6+ Kg8 62.Nf5  1-0

[Event "Panamericano de Ajedrez Sub 20"]
[Site "Cali"]
[Date "2010.05.21"]
[Round "3"]
[Board "3"]
[White "Mendoza Velazquez, Lorena Aleja"]
[Black "Cordero, Daniela"]
[Result "1-0"]
[WhiteElo "2063"]
[BlackElo "1996"]
[PlyCount "103"]
[EventDate "2010.05.20"]
[EventRounds "9"]
[EventCountry "COL"]

1.d4 Nf6 2.Nf3 e6 3.g3 b6 4.Bg2 Bb7 5.O-O Be7 6.c4 O-O 7.Nc3 d5 8.Ne5 Ne4 9.cxd5
exd5 10.Qc2 Nxc3 11.bxc3 f6 12.Nd3 Bd6 13.Bf4 Na6 14.c4 c6 15.cxd5 cxd5 16.Qb3
Nc7 17.e4 Kh8 18.Bxd6 Qxd6 19.e5 fxe5 20.dxe5 Qe7 21.f4 Ba6 22.Rfd1 Bc4 23.Qb4
Qf7 24.Nb2 b5 25.Nxc4 bxc4 26.Qc5 Rfd8 27.Rab1 Rac8 28.Qxa7 c3 29.Rbc1 Qh5
30.Qe3 Na6 31.Bf3 Qg6 32.Rxc3 Rxc3 33.Qxc3 Qb6+ 34.Qd4 Qa5 35.e6 Nc7 36.e7 Re8
37.Bxd5 Nxd5 38.Qxd5 Qa7+ 39.Kg2 Qxe7 40.Qf3 Qa7 41.Rd2 h6 42.Re2 Rc8 43.f5 Rc1
44.Rf2 Qd4 45.Kh3 Rc3 46.Qf4 Qd7 47.Rf3 Rc2 48.a3 Qf7 49.g4 Qd5 50.f6 g5 51.Qb8+
Kh7 52.Qa7+  1-0

[Event "Panamericano de Ajedrez Sub 20"]
[Site "Cali"]
[Date "2010.05.21"]
[Round "3"]
[Board "4"]
[White "Heredia Serrano, Carla"]
[Black "Chumpitaz, Ann"]
[Result "0-1"]
[WhiteElo "2095"]
[BlackElo "2047"]
[PlyCount "68"]
[EventDate "2010.05.20"]
[EventRounds "9"]
[EventCountry "COL"]

1.e4 c5 2.Nf3 Nc6 3.d4 cxd4 4.Nxd4 Nf6 5.Nc3 e5 6.Ndb5 d6 7.Bg5 a6 8.Na3 b5
9.Bxf6 gxf6 10.Nd5 f5 11.g3 fxe4 12.Bg2 Bf5 13.O-O h5 14.c4 Nd4 15.Nc2 Bg4 16.f3
exf3 17.Nxd4 fxg2 18.Rf3 exd4 19.Qxd4 Rh6 20.Re1+ Be6 21.Nf6+ Rxf6 22.Rxf6 Qe7
23.Rf2 bxc4 24.Qb6 Qd7 25.Qd4 Qc6 26.Qf6 Be7 27.Qh8+ Kd7 28.Qxh5 d5 29.Kxg2 d4+
30.Kg1 d3 31.Re5 Rc8 32.Rxf7 Bxf7 33.Qxf7 Qb6+ 34.Kg2 Qxb2+  0-1

[Event "Panamericano de Ajedrez Sub 20"]
[Site "Cali"]
[Date "2010.05.21"]
[Round "3"]
[Board "5"]
[White "Orozco, Lina Yomayra"]
[Black "Mesa, Brenda Sofia"]
[Result "1-0"]
[WhiteElo "2081"]
[BlackElo "1829"]
[PlyCount "71"]
[EventDate "2010.05.20"]
[EventRounds "9"]
[EventCountry "COL"]

1.e4 c5 2.Nf3 Nc6 3.d4 cxd4 4.Nxd4 d6 5.g3 Nf6 6.Nc3 g6 7.Bg2 Bg7 8.Nde2 O-O
9.O-O Be6 10.Nd5 Qd7 11.Nef4 Rac8 12.a4 b6 13.c3 Rfe8 14.Rb1 Bxd5 15.exd5 Ne5
16.Bh3 e6 17.dxe6 fxe6 18.Re1 Re7 19.Nxe6 Rxe6 20.Rxe5 Rce8 21.Rxe6 Rxe6 22.Bf4
d5 23.Bxe6+ Qxe6 24.Qe1 Qd7 25.Be5 Qxa4 26.Bxf6 Bxf6 27.Qe6+ Kg7 28.Qxd5 Qc2
29.Qd7+ Kg8 30.Re1 Bg7 31.Qd5+ Kf8 32.Qa8+ Kf7 33.Qe8+ Kf6 34.Qe6+ Kg5 35.f4+
Kh5 36.Qh3#  1-0

[Event "Panamericano de Ajedrez Sub 20"]
[Site "Cali"]
[Date "2010.05.21"]
[Round "3"]
[Board "6"]
[White "Castrillon Gomez, Melissa"]
[Black "Mencos, Claudia"]
[Result "1-0"]
[WhiteElo "2051"]
[BlackElo "1925"]
[PlyCount "105"]
[EventDate "2010.05.20"]
[EventRounds "9"]
[EventCountry "COL"]

1.e4 c5 2.Nf3 e6 3.d4 cxd4 4.Nxd4 a6 5.Bd3 Nc6 6.Be3 Nf6 7.O-O Ne5 8.h3 Qc7
9.Nc3 d6 10.f4 Nc4 11.Bxc4 Qxc4 12.Qd3 Qc7 13.Rae1 Be7 14.Nf3 O-O 15.g4 h6 16.g5
hxg5 17.Nxg5 Nh7 18.Nxh7 Kxh7 19.f5 b5 20.e5 Qc4 21.Qxc4 bxc4 22.f6 gxf6 23.exf6
Rg8+ 24.Kh2 Bf8 25.Rf4 Rg6 26.Rh4+ Kg8 27.Rf1 Bb7 28.Rg1 Rc8 29.Rxg6+ fxg6
30.Bh6 d5 31.f7+ Kxf7 32.Bxf8 Kxf8 33.Rh7 d4 34.Ne4 d3 35.cxd3 Bxe4 36.Rh8+ Ke7
37.Rxc8 cxd3 38.Rc4 Bf5 39.Kg3 e5 40.Rc1 Kd6 41.h4 Kd5 42.Kf2 Kd4 43.Rc6 a5
44.b3 Kd5 45.Ra6 Kd4 46.Rxa5 e4 47.Ra4+ Kc3 48.Ke3 Kc2 49.Rd4 Kb2 50.b4 Kxa2
51.b5 Kb3 52.b6 Bc8 53.Rxe4  1-0

[Event "Panamericano de Ajedrez Sub 20"]
[Site "Cali"]
[Date "2010.05.21"]
[Round "3"]
[Board "7"]
[White "Chavez, Diana Maria"]
[Black "Ramirez, Heimy Polgar"]
[Result "0-1"]
[WhiteElo "1834"]
[BlackElo "2027"]
[PlyCount "98"]
[EventDate "2010.05.20"]
[EventRounds "9"]
[EventCountry "COL"]

1.d4 c5 2.d5 e5 3.e4 d6 4.Be2 g6 5.Nf3 Bg7 6.c4 Ne7 7.Bg5 O-O 8.O-O f5 9.Nbd2 f4
10.a3 h6 11.Bxe7 Qxe7 12.b4 b6 13.Ne1 Nd7 14.Bg4 Nf6 15.Bxc8 Raxc8 16.Nd3 g5
17.bxc5 bxc5 18.f3 h5 19.Nb3 g4 20.Na5 Qd7 21.Rb1 Rc7 22.Qe2 Bh6 23.Rb5 h4
24.Rfb1 Qg7 25.Rb7 Rff7 26.Rb8+ Kh7 27.Nc6 Nd7 28.R8b7 gxf3 29.Qxf3 Nb6 30.Rxc7
Rxc7 31.Nb2 Rb7 32.Nd8 Re7 33.Ne6 Qg6 34.Qh3 Qxe4 35.Rd1 Qe3+ 36.Qxe3 fxe3 37.h3
Rf7 38.Rf1 Rxf1+ 39.Kxf1 Kg6 40.Nd8 Kf5 41.Nc6 a6 42.a4 Nd7 43.Ke2 e4 44.a5 Bg5
45.Na4 Ne5 46.Nb6 Nd3 47.Nb8 Nc1+ 48.Kf1 e2+ 49.Ke1 Bf4  0-1

[Event "Panamericano de Ajedrez Sub 20"]
[Site "Cali"]
[Date "2010.05.21"]
[Round "3"]
[Board "11"]
[White "Rodriguez, Sofia"]
[Black "Barba, Deina Alexandra"]
[Result "1-0"]
[WhiteElo "1929"]
[BlackElo "1701"]
[PlyCount "23"]
[EventDate "2010.05.20"]
[EventRounds "9"]
[EventCountry "COL"]

1.e4 c5 2.Nf3 Nc6 3.d4 cxd4 4.Nxd4 g6 5.Nc3 Bg7 6.Be3 Nf6 7.f3 d5 8.Bb5 Qb6
9.Nf5 Qd8 10.Nxg7+ Kf8 11.Bh6 Ng8 12.Ne6+  1-0

[Event "Panamericano de Ajedrez Sub 20"]
[Site "Cali"]
[Date "2010.05.21"]
[Round "3"]
[Board "12"]
[White "Rodriguez Rueda, Paula Andrea"]
[Black "Garcia, Linda Alexandra"]
[Result "1-0"]
[WhiteElo "2076"]
[BlackElo "1612"]
[PlyCount "45"]
[EventDate "2010.05.20"]
[EventRounds "9"]
[EventCountry "COL"]

1.d4 d5 2.c4 c6 3.e3 Nf6 4.Nc3 e6 5.Nf3 Nbd7 6.Bd3 dxc4 7.Bxc4 b5 8.Bd3 Bb7
9.O-O a6 10.e4 c5 11.d5 exd5 12.exd5 Nxd5 13.Nxd5 Bxd5 14.Bxb5 axb5 15.Qxd5 Be7
16.Rd1 Ra6 17.Bf4 Qc8 18.Re1 Nf6 19.Qg5 h6 20.Qxg7 Rh7 21.Qg3 Kf8 22.Bd2 Rg7
23.Bxh6  1-0

[Event "Panamericano de Ajedrez Sub 20"]
[Site "Cali"]
[Date "2010.05.22"]
[Round "4"]
[Board "1"]
[White "Chirivi C, Jenny Astrid"]
[Black "Salazar, Aura Cristina"]
[Result "0-1"]
[WhiteElo "2169"]
[BlackElo "2135"]
[PlyCount "88"]
[EventDate "2010.05.20"]
[EventRounds "9"]
[EventCountry "COL"]

1.d4 Nf6 2.c4 g6 3.Nc3 Bg7 4.e4 d6 5.f3 O-O 6.Be3 Nc6 7.Nge2 a6 8.Qd2 Rb8 9.Nc1
Bd7 10.d5 Ne5 11.Ba7 Rc8 12.Bd4 c6 13.f4 c5 14.Bg1 Neg4 15.h3 Nh6 16.g4 b5
17.Bd3 bxc4 18.Bxc4 Bb5 19.Be2 Nd7 20.g5 e5 21.Nxb5 axb5 22.Bxb5 exf4 23.gxh6
Bxh6 24.Bxd7 Qxd7 25.Nd3 f5 26.e5 dxe5 27.Nxc5 Qd6 28.Ne6 Rfe8 29.b4 f3 30.Qxh6
Qxb4+ 31.Qd2 Qe4+ 32.Be3 f2+ 33.Kxf2 Rc2 34.Rhd1 f4 35.Bc5 Qd3 36.Qxc2 Qxc2+
37.Kg1 f3 38.Bf2 Qf5 39.Kh2 e4 40.Rac1 Qe5+ 41.Kh1 e3 42.Re1 Qf5 43.Kh2 exf2
44.Rf1 Qe5+  0-1